| 000 | 00509nam a2200193Ia 4500 | ||
|---|---|---|---|
| 005 | 20250508154027.0 | ||
| 008 | 008 250505s9999 xx 000 0 eng d | ||
| 020 | _a978-0-86431-936-4 | ||
| 037 | _aTextBook | ||
| 040 |
_aFEDL _beng _cFEDL |
||
| 041 |
_aeng _2eng |
||
| 084 |
_a370.1, DEW _qFEDL |
||
| 100 | _aDewy John | ||
| 245 | 0 | _aPhilosophy of education | |
| 260 |
_aNew York, USA _bBrady Books, _c1915 |
||
| 300 | _axii,434p. | ||
| 942 |
_cTB _h370.1, DEW |
||
| 999 |
_c1347138 _d1347138 |
||